000
00256nam a2200109 a 4500
005
20140414131938.0
008
110125s19uu xx 00 eng d
050
_a
ER
_b
R34 2002
245
_a
Rhinoceros bathtime.
260
_b
Smithsonian.
999
_c
112501
_d
112501